00401 2200157 4500001002100000008004100021035002000062245003500082100001600117260003200133300002200165020002200187084001400209082000800223990001200231INLIS000000000002872 IND  a0010-0925000219 aAndai Engkau TahucFanny Salma aFanny Salma aJakartabRumah Oranyec2014 a280c(13 x 19 cm) a978-602-1588-68-0 a813 FAN c a813 a0755094